Το marketing τουριστικών προορισμών και η συμβολή της γαστρονομικής ταυτότητας. Η περίπτωση της Χίου : πτυχιακή εργασία
Saved in:
| Main Author: | |
|---|---|
| Corporate Author: | |
| Other Authors: | |
| Format: | Thesis Book |
| Language: | Greek |
| Published: |
2005
|
| Subjects: | |
| Online Access: | http://hdl.handle.net/11610/11436 |
| Tags: |
Add Tag
No Tags, Be the first to tag this record!
|
MARC
| LEADER | 00000cam a2200000 i 4500 | ||
|---|---|---|---|
| 001 | 1/22294 | ||
| 008 | 060119s2005 gre d | ||
| 035 | |l 10082100 | ||
| 040 | |a GR-MY-UA |b gre |e aacr | ||
| 041 | 0 | |a gre | |
| 082 | 0 | |a 338.47910949582 |2 (22) | |
| 100 | 1 | |a Τσιλίμη, Μαρία. | |
| 245 | 1 | 3 | |a Το marketing τουριστικών προορισμών και η συμβολή της γαστρονομικής ταυτότητας. Η περίπτωση της Χίου : |b πτυχιακή εργασία / |c Μαρία Τσιλίμη ; επιβλέπων Ευάγγελος Χρήστου |
| 260 | |c 2005 | ||
| 300 | |a 108 σ.; |b εικ.; |c 30 εκ. | ||
| 502 | |a Διατριβή (μεταπτυχιακή) – Πανεπιστήμιο Αιγαίου, Χίος, 2005. | ||
| 504 | |a Περιλαμβάνει βιβλιογραφία | ||
| 610 | 2 | 0 | |a Πανεπιστήμιο Αιγαίου. |
| 650 | 0 | 0 | |a Tourism and gastronomy |z Greece |z Chios (Municipality) |
| 650 | 0 | |a Tourism |z Greece |z Chios (Municipality) |x Marketing. | |
| 650 | 0 | 0 | |a Dissertations, Academic |z Greece. |
| 700 | 1 | |4 ths |a Χρήστου, Ευάγγελος Σ. | |
| 710 | 2 | |a Πανεπιστήμιο Αιγαίου |b Σχολή Επιστημών της Διοίκησης |b Τμήμα Διοίκησης Επιχειρήσεων |b Πρόγραμμα Μεταπτυχιακών Σπουδών "Σχεδιασμός, Διοίκηση και Πολιτική του Τουρισμού". | |
| 852 | |a INST |b CHIOS |c DIATR |e 20060119 |h 338.47910949582 ΤΣΙ |p 005200024185 |q 005200024185 |t MTXE |y 23 | ||
| 852 | |a INST |b CHIOS |c DIATR |e 20060119 |h 338.47910949582 ΤΣΙ |p 005200024186 |q 005200024186 |t MTXE |y 23 | ||
| 856 | |u http://hdl.handle.net/11610/11436 | ||
| 901 | |a BIBL2-2006-1 | ||
| 909 | |a Χ |b 119961 | ||
| 909 | |a Χ |b 119962 | ||
| 924 | |a Τσιλίμη |b Μαρία |y Χίος |z 2005-11 | ||
| 970 | |a Βασιλάκη |b Νίκη |z 2006/01/19 | ||